| 000 | 01065nam a2200301 i 4500 | ||
|---|---|---|---|
| 001 | 000016387 | ||
| 003 | DO-SdBNP | ||
| 005 | 20241016105748.0 | ||
| 007 | ta | ||
| 008 | 100304s1986 dr r 001 0 spa d | ||
| 040 |
_aDO-SdBNP _bspa _cBNPHU _erda |
||
| 082 | 4 |
_axxx _bP792e _222 |
|
| 100 | 1 |
_aPonce, Aníbal, _eautor _4aut. _936539 |
|
| 245 | 1 | 0 |
_aEducación y lucha de clases / _cAnibal Ponce. |
| 264 |
_aSanto Domingo : _bEditora UASD, _c1986. |
||
| 300 |
_a245 páginas ; _c20 cm. |
||
| 336 |
_atexto _btxt _2rdacontent |
||
| 337 |
_asin mediación _bn _2rdamedia |
||
| 338 |
_avolumen _bnc _2rdacarrier |
||
| 490 | 1 |
_aEducación y sociedad _v28 |
|
| 490 | 1 |
_aPublicaciones de la Universidad Autónoma de Santo Domingo _v518 |
|
| 500 | _aIncluye referencias bibliográficas y notas al pie de las páginas | ||
| 590 | _aInventariado, 2019/BT | ||
| 710 | 2 |
_aUniversidad Autónoma de Santo Domingo _972951 |
|
| 830 | 0 |
_aEducación y sociedad _n28 _936540 |
|
| 830 | 0 |
_aPublicaciones de la Universidad Autónoma de Santo Domingo _n518 _936541 |
|
| 942 |
_2ddc _cLBS1 |
||
| 999 |
_c15922 _d15922 |
||